000
00265nam a2200109 a 4500
008
101209s1959|||| d
245
1
0
_a
Slovenské národné divadlo Bratislava
260
_b
SVKL
_a
Bratislava
_c
1959
041
_a
slo
044
_a
xo
_c
SK
020
_c
25
999
_c
14984
_d
14984